000
00295nam a22001337a 4500
003
OSt
008
250211b |||||||| |||| 00| 0 eng d
041
_a
eng
082
_a
551.48
_b
RED/TE
100
_a
Reddy, Jaya Rami P
_9
7119
245
_a
Text Book of Hydrology
250
_a
2nd
942
_c
BK
999
_c
19355
_d
19355